| 000 | 00000nam##2200000za#4500 |
| 001 | 9.604062 |
| 003 | CaOODSP |
| 005 | 20260128153024 |
| 007 | cr ||||||||||| |
| 008 | 150406|2007||||xxc|||||o f|0| 0 fre|d |
| 022 | |a1488-545X |
| 040 | |aCaOODSP|bfre |
| 043 | |an-cn--- |
| 086 | 1 |aFs97-6/2719F-PDF |
| 110 | 2 |aInstitut Maurice-Lamontagne. |
| 245 | 10|aListe des espèces de poissons inventoriés dans l'estuaire maritime du Saint-Laurent entre 1930 et 2005 / |h[ressource électronique]|c[par] P.-M. Scallon-Chouinard, J.-D. Dutil et S. Hurtubise. |
| 260 | |aMont-Joli - Québec : |bPêches et Océans Canada. |cc2007. |
| 300 | |a66p.|bfigure, graphiques, carte, références, tableaux |
| 490 | 1 |aRapport technique canadien des sciences halieutiques et aquatiques|x1488-545X|vN° 2719 |
| 500 | |aLe n° de catalogue (Fs97-6/2719F) de l'édition imprimée a été incorrectement copié dans cette édition électronique. |
| 546 | |a(Abstract in English) |
| 590 | |a12-24-Supp|b2012-05-30 |
| 720 | 1 |aHurtubise, S. |
| 720 | 1 |aScallon-Chouinard, P. -M. |
| 720 | 1 |aDutil, J. -D. |
| 776 | 0#|tListe des espèces de poissons inventoriés dans l'estuaire maritime du Saint-Laurent entre 1930 et 2005 / |w(CaOODSP)9.627548 |
| 830 | #0|aRapport technique canadien des sciences halieutiques et aquatiques,|x1488-545X|vN° 2719|w(CaOODSP)9.500867 |
| 856 | 40|ahttp://publications.gc.ca|qPDF|s799 Ko|uhttps://publications.gc.ca/collections/collection_2012/mpo-dfo/Fs97-6-2719-fra.pdf|yN° 2719 |